Publication manual of the American Psychological Association. (Record no. 12561)

MARC details
000 -LEADER
fixed length control field 02894cam a22003375a 4500
001 - CONTROL NUMBER
control field 15659056
003 - CONTROL NUMBER IDENTIFIER
control field EG-ScBUE
005 - DATE AND TIME OF LATEST TRANSACTION
control field 20200112112742.0
008 - FIXED-LENGTH DATA ELEMENTS--GENERAL INFORMATION
fixed length control field 090313t2010 waua f b 001 0 eng d
020 ## - INTERNATIONAL STANDARD BOOK NUMBER
International Standard Book Number 9781433805615
040 ## - CATALOGING SOURCE
Original cataloging agency EG-ScBUE
Language of cataloging eng
Description conventions rda
Transcribing agency EG-ScBUE
Modifying agency EG-ScBUE
082 04 - DEWEY DECIMAL CLASSIFICATION NUMBER
Classification number 808.06615
Item number PUB
Edition number 22
245 00 - TITLE STATEMENT
Title Publication manual of the American Psychological Association.
250 ## - EDITION STATEMENT
Edition statement Sixth edition.
264 #1 - PUBLICATION, DISTRIBUTION, ETC. (IMPRINT)
Place of publication, distribution, etc Washington, DC :
Name of publisher, distributor, etc American Psychological Association,
Date of publication, distribution, etc [2010]
264 #4 - PUBLICATION, DISTRIBUTION, ETC. (IMPRINT)
Date of publication, distribution, etc c 2010
300 ## - PHYSICAL DESCRIPTION
Extent xviii, 272 pages :
Other physical details illustrations ;
Dimensions 24 cm
336 ## - CONTENT TYPE
Source rdacontent
Content type term text
Content type code txt
337 ## - MEDIA TYPE
Source rdamedia
Media type term unmediated
Media type code n
338 ## - CARRIER TYPE
Source rdacarrier
Carrier type term volume
Carrier type code nc
500 ## - GENERAL NOTE
General note Includes appendix.
504 ## - BIBLIOGRAPHY, ETC. NOTE
Bibliography, etc Includes bibliographical references and index.
520 ## - SUMMARY, ETC.
Summary, etc With millions of copies sold, the Publication Manual of the American Psychological Association is the style manual of choice for writers, editors, students, educators, and professionals in psychology, sociology, business, economics, nursing, social work, and justice administration, and other disciplines in which effective communication with words and data is fundamental. In addition to providing clear guidance on grammar, the mechanics of writing, and APA style, the Publication Manual offers an authoritative and easy-to-use reference and citation system and comprehensive coverage of the treatment of numbers, metrication, statistical and mathematical data, tables, and figures for use in writing, reports, or presentations. The new edition has been revised and updated to include: the latest guidelines and examples for referencing electronic and online sources, new and revised guidelines for submitting papers electronically, improved guidelines for avoiding plagiarism, simplified formatting guidelines for writers using up-to-date word-processing software, all new guidelines for presenting case studies, improved guidelines for the construction of tables, updates on copyright and permissions issues for writers, new reference examples for audiovisual media and patents, an expanded and improved index for quick and easy access. Writers, scholars, and professionals will also find: new guidelines on how to choose text, tables, or figures to present data, guidelines for writing cover letters for submitting articles for publication (plus a sample letter), expanded guidelines on the retention of raw data, new advice on establishing written agreements for the use of shared data, and, new information on the responsibilities of co-authors.
590 ## - LOCAL NOTE (RLIN)
Local note nadeen magdy
650 #7 - SUBJECT ADDED ENTRY--TOPICAL TERM
Topical term or geographic name as entry element Psychology
General subdivision Authorship
Form subdivision Style manuals.
Source of heading or term BUEsh
9 (RLIN) 8406
650 #7 - SUBJECT ADDED ENTRY--TOPICAL TERM
Topical term or geographic name as entry element Social sciences
General subdivision Authorship
Form subdivision Style manuals.
Source of heading or term BUEsh
9 (RLIN) 8407
653 ## - INDEX TERM--UNCONTROLLED
Resource For college Humanities: English
Arrived date list July2019
655 ## - INDEX TERM--GENRE/FORM
Form subdivision Reading book
942 ## - ADDED ENTRY ELEMENTS (KOHA)
Source of classification or shelving scheme Dewey Decimal Classification
Koha item type Reference (NB)
Holdings
Withdrawn status Lost status Source of classification or shelving scheme Damaged status Not for loan Collection code Home library Current library Shelving location Date acquired Source of acquisition Cost, normal purchase price Serial Enumeration / chronology Total Checkouts Full call number Barcode Date last seen Price effective from Koha item type
    Dewey Decimal Classification     Baccah Central Library Central Library Ground Floor 10/08/2009   170.00 8431   808.06615 PUB 000017797 15/07/2025 10/08/2009 Reference (NB)